INGEO 2014 : proceedings of the 6th International Conference on Engineering Surveying
Na minha lista:
| Autor Corporativo: | |
|---|---|
| Outros Autores: | , , |
| Formato: | Conference Proceeding Livro |
| Idioma: | inglês |
| Publicado em: |
Praha :
Czech Technical University,
2014
|
| Edição: | 1. vyd. |
| Tags: |
Sem tags, seja o primeiro a adicionar uma tag!
|
MARC
| LEADER | 00000nam a22000003a 4500 | ||
|---|---|---|---|
| 001 | stu288223 | ||
| 005 | 20260204154649.8 | ||
| 008 | 140410s--------xr------------------eng-d | ||
| 020 | |a 978-80-01-05469-7 | ||
| 040 | |a STU |b slo | ||
| 041 | 0 | |a eng | |
| 044 | |a xr | ||
| 111 | 2 | |a International Conference on Engineering Surveying |n 6th |d 3. - 4. 4. 2014 |c Praha, Česká republika | |
| 242 | 0 | 0 | |a INGEO 2014. 6. medzinárodná konferencia inžinierskej geodézie |y slo |
| 245 | 1 | |a INGEO 2014 : |b proceedings of the 6th International Conference on Engineering Surveying |h elektronický zdroj | |
| 250 | |a 1. vyd. | ||
| 260 | |a Praha : |b Czech Technical University, |c 2014 | ||
| 300 | |a CD ROM, 288 s. | ||
| 700 | 1 | |a Kopáčik, Alojz, |d 1958- |u V140 |r Z1 |4 edt |9 30 |U SvF Stavebná fakulta |T SvF Katedra geodézie |X 2738 |U V140 |Y 14 |7 A000002738 | |
| 700 | 1 | |a Kyrinovič, Peter, |d 1975- |4 edt |u V140 |9 69 |U SvF Stavebná fakulta |T SvF Katedra geodézie |X 2924 |U V140 |Y 14 |7 A000002924 | |
| 700 | 1 | |a Štroner, Martin |4 edt |9 1 | |
| 996 | |c V*2018/sc-14 |l VV4 |s P |a 0 |w stu288223_0001 | ||
| 996 | |c V*2033/sc-14 |l VV4 |s P |a 0 |w stu288223_0002 | ||
| 996 | |c V*2031/sc-14 |l VV4 |s P |a 0 |w stu288223_0004 | ||
| 996 | |c V*2030/sc-14 |l VV4 |s P |a 0 |w stu288223_0005 | ||
| 996 | |c V*2029/sc-14 |l VV4 |s P |a 0 |w stu288223_0006 | ||